Lethal Company All Moons v50 - Statistics

General Stats
  • This quiz has been taken 61 times
  • The average score is 12 of 13
Answer Stats
Hint Answer % Correct
Hazard S+ Titan
100%
Hazard B Experimentation
98%
Hazard A Rend
98%
Hazard C Vow
98%
Hazard B March
95%
Hazard B Adamance
93%
Hazard D Assurance
93%
Hazard S Dine
93%
Hazard S++ Artifice
88%
Hazard S Embrion
85%
Hazard B Offense
85%
Hazard Safe Gordion
78%
(Unreleased) S++ Liquidation
63%
No matching quizzes found
Score Distribution
Percent of People with Each Score
Percentile by Number Answered
Your Score History
You have not taken this quiz